| 000 | 01538nam a22002777a 4500 | ||
|---|---|---|---|
| 001 | 1494 | ||
| 005 | 20231002115502.0 | ||
| 020 | _a9789924340928 | ||
| 040 |
_aFISKH _beng _cFISKH _dFISKH |
||
| 082 | _a646.4 | ||
| 100 | _aAnais, Pages-Peeters | ||
| 245 | _aឧស្សាហកម្មកាត់ដេរ / | ||
| 250 | _aបោះពុម្ពលើកទី ២ មេសា ឆ្នាំ ២០២២ | ||
| 260 |
_aPhnom Penh : _bSipar, _c2022. |
||
| 300 |
_a35 pages : _bcolor illustrations ; _c25 cm |
||
| 490 | _aតម្រង់ទិសវិជ្ជាជីវៈ | ||
| 505 | _aZ' | ||
| 520 | _aបង្ហាញពីការងារសំខាន់ៗដែលមាននៅក្នុងរោងចក្រកាត់ដេរ ហើយដែលបច្ចុប្បន្នយើងនៅខ្វះ និងពិបាករកបុគ្គលិកនៅក្នុងស្រុកយើងផ្ទាល់ដើម្បីរ៉ាប់រងតួនាទីសំខាន់ៗទាំងអស់នោះ។ | ||
| 520 | _aShows the important work that exists in the garment factory, which we currently lack and find it difficult to find staff in our own district to handle all those important roles. | ||
| 521 |
_a1120
_bLexile estimate |
||
| 521 |
_aZ'
_bRaz-Plus |
||
| 650 |
_aរោងចក្រ _vកាត់ដេរ _xខ្វះ |
||
| 650 |
_aGarment _vTailor _xLack |
||
| 700 |
_aVisoth, Seng _cillustrator |
||
| 942 |
_2ddc _cBK _n0 |
||
| 999 |
_c1494 _d1494 |
||